El proceso administrativo de Cobro Coactivo

Bibliographic Details
Main Author: Parra Ortiz, Harold Ferney
Format: eBook
Language:Spanish
Published: Bogot ̀: Editorial Nueva Legislacin̤, 2010
Subjects:
Online Access:Acceso restringido

MARC

LEADER 00000nam a22000007a 4500
005 20120928125539.0
007 cr|||| ||||
008 120928s2010 co |||||s|||| 00||0 spa d
020 |a 978-958-8371-58-0 
035 |a 6727 
040 |a vLex 
090 |c 3484  |d 3484 
100 1 |a Parra Ortiz, Harold Ferney 
245 1 3 |a El proceso administrativo de Cobro Coactivo  |h [Recurso electrn̤ico] /  |c Harold Ferney Parra Ortiz  
256 |a Servicio en ln̕ea 
260 |a Bogot ̀:  |b Editorial Nueva Legislacin̤,  |c 2010 
300 |a 1 recurso electrn̤ico 
506 1 |a Contenido solo disponible en los productos indicados  |d vLex Global   |d vLex Global (Academic Edition, excluding Law Schools)   |d vLex Global (U.S. Academic Edition, Law Schools)   |d vLex Global (U.S. Academic Edition, excluding Law Schools)   |d vLex Global (Academic Edition, Law Schools)  
650 0 4 |a Contabilidad  |z Colombia 
650 0 4 |a Cuentas por cobrar  |z Colombia 
650 0 4 |a Derecho mercantil  |z Colombia 
740 0 |a vLex Libros (Servicio en ln̕ea) 
856 4 0 |u http://vlex.com/source/proceso-administrativo-cobro-coactivo-6727  |z Acceso restringido 
942 |c BOOK 
999 0 |a Collecting of accounts 
999 0 |a Commercial law 
999 0 |a Accounting